Plan de Negocio de la empresa Montaña Azul
Presenta un plan de negocios para la creación de una empresa productora y comercializadora de café orgánico en la ciudad de Estelí, partiendo del proceso tostado molido para su distribución, muestra de forma clara y detallada la viabilidad para la creación de la empresa, identificación así l...
| Main Authors: | , , |
|---|---|
| Other Authors: | |
| Format: | Tesis Section = Libro |
| Language: | Undetermined Spanish |
| Published: |
Managua
UNI
2010
|
| Subjects: |
| LEADER | 01264nam a2200277Ia 4500 | ||
|---|---|---|---|
| 008 | 240830s9999 xx 000 0 und d | ||
| 040 | |a BIBLIOTECA-RUPAP T.Mon 658.11 Z49 | ||
| 041 | |a spa | ||
| 082 | |a T.Mon 658.11 Z49 | ||
| 100 | 1 | |a Zeledón Dávila, Arianys Karina | |
| 100 | 1 | |b Rivera Rivas, César Augusto | |
| 100 | 1 | |c Zeledón Barrera, Mayling María | |
| 245 | 1 | 0 | |a Plan de Negocio de la empresa Montaña Azul |
| 260 | |a Managua |b UNI |c 2010 | ||
| 300 | |a 96 p. :il. | ||
| 500 | |a Contiene: anexos e Incluye: CD. | ||
| 502 | |a Tesis (Ingeniero de Sistemas)- UNI, 2010. | ||
| 520 | 3 | |a Presenta un plan de negocios para la creación de una empresa productora y comercializadora de café orgánico en la ciudad de Estelí, partiendo del proceso tostado molido para su distribución, muestra de forma clara y detallada la viabilidad para la creación de la empresa, identificación así las necesidades de inversión, ingresos, costos y gastos incurridos en este plan de negocios. | |
| 650 | 7 | |a INICIACIÓN DE EMPRESA DE NEGOCIO - CAFE | |
| 650 | 7 | |b ANÁLISIS DE MERCADO | |
| 650 | 7 | |c ESTUDIO TECNICO | |
| 650 | 7 | |d ANÁLISIS FINANCIERO | |
| 700 | 1 | |a Tutor: |b Caldera Alfaro, Mario José | |
| 942 | |c BK |2 ddc | ||
| 991 | |a TESIS | ||
| 999 | |c 18494 | ||